000 00695nam a2200241 i 4500
001 C2-0329164
003 PPAK
005 20180728130309.0
008 141201s2006 my a|||| ||||| | may d
020 _a9831003667
040 _aPPAK
_beng
_cPPAK
_erda
082 0 4 _a899.281
_223
090 0 0 _a899.281
_bHAS
_dG
100 0 _aHashim Yaacob,
_eauthor
245 1 0 _aAku hanya mahu ke seberang :
_bin 45 languages
264 1 _aKuala Lumpur :
_bUniversity of Malaya Press ,
_c2006
300 _ax, 52 pages :
_bcolour illustrations ;
_c22 cm
336 _2rdacontent
_atext
337 _2rdamedia
_aunmediated
338 _2rdacarrier
_avolume
650 1 0 _aMalay poetry.
942 _ddc
_cB
999 _c128420
_d128420